000 00677nam a22002297a 4500
003 UA-OsUOA
001 91056
007 ta
008 20121122b un ||||| |||| 00| 0 ukr d
100 _aОлійник С.
090 _a821.161.2
_bО-54
942 _cBK
040 _aUA-OsUOA
_bukr
_cUA-OsUOA
_dUA-OsUOA
245 _a...в ім'я добра - супроти зла
_bвірші, біографічні оповідання
300 _a167 с.
955 _a3
041 _aukr
080 _a821.161.2
260 _aК.
_bРад. письменник
_c1977
650 7 _a82 Література. Літературознавство
_2UDC
999 _c377171
_d377171